000 00341nam a2200145Ia 4500
003 LK-CoDNM
008 010623t xxu||||| |||| 00| 1 sin d
040 _aLK-CoDNM
_dLK-CoDNM
_eLK-CoDNM
041 _asin
080 _aX 32
245 _aසංවර්ධන ලංකා
246 _aSanwardena Lanka
300 _b24 cm cm
942 _cBK
999 _c141432
_d141432